000 004740000a22001810004500
003 MACL
005 20160101172352.0
008 160101b xxu||||| |||| 00| 0 eng d
040 _aMACL
_cMACL
041 _aEnglish
082 _a403/COU
100 _aCousin, John W
_926784
245 _aDictionary of Literary biography
_bEnglish and American
260 _bJ M Dent & Sons Ltd
_c1958
_aLondon
350 _a20
650 _aDictionary
_926785
942 _cBK
_k403/COU
_2ddc
999 _c35292
_d35292